Conan Gray Songs - Statistics

General Stats
  • This quiz has been taken 2,443 times
    2,180 since last reset
  • The average score is 22 of 33
Answer Stats
Category Song % Correct
Heather
92%
Memories
81%
Maniac
80%
Family Line
79%
Crush Culture
76%
People Watching
75%
The Exit
75%
Superache Movies
73%
Astronomy
72%
Wish You Were Sober
70%
Best Friend
69%
Jigsaw
69%
The Cut That Always Bleeds
68%
Generation Why
67%
Yours
67%
Greek God
66%
Summer Child
66%
The Story
66%
Sunset Season Idle Town
65%
Lookalike
65%
Disaster
64%
Affluenza
63%
Footnote
63%
(Online Love)
63%
Kid Krow Comfort Crowd
62%
Fight or Flight
61%
Checkmate
60%
Overdrive
58%
The King
58%
(Can We Be Friends?)
56%
Little League
55%
Singles Grow
46%
The Other Side
43%
No matching quizzes found
Score Distribution
Percent of People with Each Score
Percentile by Number Answered
Your Score History
You have not taken this quiz since the last reset